The Essence of Kalam's Educational Philosophy/ (Record no. 190941)

MARC details
000 -LEADER
fixed length control field 00575nam a22001697a 4500
005 - DATE AND TIME OF LATEST TRANSACTION
control field 20220816104820.0
010 ## - LCCN (DPL NO)
LC control number ENG-134410
020 ## - INTERNATIONAL STANDARD BOOK NUMBER
International Standard Book Number 9788194857648
Terms of availability 350.00
035 ## - SYSTEM CONTROL NUMBER
System control number EN-117942
037 ## - SOURCE OF ACQUISITION
Source of stock number/acquisition DBAD/PUB
082 ## - DEWEY DECIMAL CLASSIFICATION NUMBER
Classification number 370.1523
245 ## - TITLE STATEMENT
Title The Essence of Kalam's Educational Philosophy/
260 ## - PUBLICATION, DISTRIBUTION, ETC. (IMPRINT)
Place of publication, distribution, etc New Delhi
Name of publisher, distributor, etc Aravali Books International Pvt. Ltd
Date of publication, distribution, etc 2020
270 ## - ADDRESS
Address W-30, Okhla Industrial Area, Phase-II
City New Delhi
Postal code 110020
Telephone number 011-47173334
Electronic mail address aravalibooks.w30@gmail.com
300 ## - PHYSICAL DESCRIPTION
Extent xviii, 181p.
Dimensions 22cm(pbk)
942 ## - ADDED ENTRY ELEMENTS (KOHA)
Source of classification or shelving scheme Dewey Decimal Classification
Item type English Books
Classification part 370.1523
Call number suffix ESS
Holdings
Withdrawn status Lost status Not for loan Collection code Home library Current library Date acquired Source of acquisition Cost, normal purchase price Full call number Barcode Copy number Cost, replacement price Koha item type
      Non-fiction Bawana Bawana 16/08/2022 DBAD/PUB 350.00 370.1523 ESS EN-117942 1 350.00 English Books

© Delhi Public Library
Hit Counter
free hit counter